000 00658nam a2200217 a 4500
999 _c2754
_d2754
001 2754
003 BD-JhCC
005 20171106173547.0
008 171106s1975 bg |||| |||| 000 0 ben d
035 _a(BD-JhCC)2754
040 _aBD-JhCC
_dBD-JhCC
041 _aben
082 _a891.443
_bJAI 1975
100 _aজয়েনউদ্দিন, সরদার
245 _aআদিগন্ত /
_cসরদার জয়েনউদ্দিন
260 _aঢাকা :
_bমুক্তধারা,
_c১৯৭৫.
300 _a১৫৪ পৃ. :
_c২১ সেমি.
650 _aBengali novel
942 _2ddc
_cBK